Gaming Quiz

Random Gaming or Board Games Quiz

World Chess Champions Quiz Stats

 Plays Quiz Updated Sep 5, 2019

Score 0/19 Timer 06:00
0 Plays Today
Reign Champion % Correct
1972-75Robert J. Fischer
92.3%
1985-2000Garry Kasparov
83%
1975-85Anatoly Karpov
70.3%
2013-Magnus Carlsen
66%
1969-72Boris Spassky
62.1%
2007-13Viswanathan Anand
61.8%
1960-61Mihail Tal
56.6%
1921-27José Raúl Capablanca
55.3%
1894-1921Emanuel Lasker
49%
1886-94Wilhelm Steinitz
47.9%
Reign Champion % Correct
1935-37Max Euwe
47.9%
1927-35Alexander Alekhine
46%
1937-46Alexander Alekhine
46%
2000-07Vladimir Kramnik
45.9%
1948-57Mikhail Botvinnik
45.2%
1958-60Mikhail Botvinnik
45.2%
1961-63Mikhail Botvinnik
45.2%
1963-69Tigran Petrosian
40.2%
1957-58Vasily Smyslov
35.4%

You're not logged in!

Compare scores with friends on all Sporcle quizzes.
OR
Log In

Sporcle TV

Today on Sporcle TV


Watch our educational content, quiz creation guides, and fun videos on Sporcle TV.

Show Comments

Extras

Top Quizzes Today


Score Distribution

Your Account Isn't Verified!

In order to create a playlist on Sporcle, you need to verify the email address you used during registration. Go to your Sporcle Settings to finish the process.

Report this User

Report this user for behavior that violates our Community Guidelines.

Details: